Catálogo
 En Linea

Parasitología clínica de Craig y Faust / (Registro nro. 34707)

Detalles MARC
000 -CABECERA
campo de control de longitud fija 00981nam a2200205 a 4500
001 - NÚMERO DE CONTROL
campo de control 000035216
005 - FECHA Y HORA DE LA ÚLTIMA TRANSACCIÓN
campo de control 20200930074201.0
008 - DATOS DE LONGITUD FIJA--INFORMACIÓN GENERAL
campo de control de longitud fija 111026s1961 mx abc 000 0 spa d
040 ## - FUENTE DE LA CATALOGACIÓN
Centro catalogador/agencia de origen DO-SdBNP
Lengua de catalogación spa
Centro/agencia transcriptor BNPHU
100 1# - ENTRADA PRINCIPAL--NOMBRE DE PERSONA
Nombre de persona Kolmer, John Albert,
Fechas asociadas al nombre 1886-
9 (RLIN) 60964
240 10 - TÍTULO UNIFORME
Título uniforme Graig and Fausts clinical parasitology
Lenguaje de la obra español
245 10 - MENCIÓN DE TÍTULO
Título Parasitología clínica de Craig y Faust /
Mención de responsabilidad, etc. por Ernest Carroll Faust y Paul Farr Russell ; con la cooperación de David Richard Lincicome ; traducción al español de la 6a. ed. en inglés por Antonio Capella Bustos [y] Fernando López Bello.
260 ## - PUBLICACIÓN, DISTRIBUCIÓN, ETC.
Lugar de publicación, distribución, etc. México :
Nombre del editor, distribuidor, etc. Unión Tipograficas Editorial Hipano Americana,
Fecha de publicación, distribución, etc. 1961.
300 ## - DESCRIPCIÓN FÍSICA
Extensión viii, 1056 p. :
Otras características físicas il., mapas, retrs. ;
Dimensiones 25 cm.
504 ## - NOTA DE BIBLIOGRAFÍA, ETC.
Nota de bibliografía, etc. Bibliografía al final de cada capítulo.
700 12 - PUNTO DE ACCESO ADICIONAL--NOMBRE DE PERSONA
Nombre de persona Faust, Ernest Carroll,
Fechas asociadas al nombre 1890-
9 (RLIN) 60965
700 12 - PUNTO DE ACCESO ADICIONAL--NOMBRE DE PERSONA
Nombre de persona Russell, Paul Farr,
Fechas asociadas al nombre 1894-
9 (RLIN) 60966
700 12 - PUNTO DE ACCESO ADICIONAL--NOMBRE DE PERSONA
Nombre de persona Capella Bustos, Antonio,
Término indicativo de función/relación tr.
9 (RLIN) 60967
700 12 - PUNTO DE ACCESO ADICIONAL--NOMBRE DE PERSONA
Nombre de persona López Bello, Fernando,
Término indicativo de función/relación tr.
9 (RLIN) 60968
Existencias
Estado de retiro Estado de pérdida Restricciones de uso No para préstamo Código de colección Localización permanente Ubicación/localización actual Ubicación en estantería Fecha de adquisición Número de inventario Total de préstamos Signatura topográfica completa Código de barras Fecha visto por última vez Precio válido a partir de Tipo de ítem Koha
      Excluido de préstamo Monografías: Libros y Folletos General General Depósito 26.10.2011 LF1   35216-10 25.06.2020 25.06.2020 No se presta

Con tecnología Koha